ग्रंथालयात काम्‍प्‍युटरचा वापर (Record no. 23351)

MARC details
000 -LEADER
fixed length control field 00485nam a2200157Ia 4500
008 - FIXED-LENGTH DATA ELEMENTS--GENERAL INFORMATION
fixed length control field 220531s9999 xx 000 0 und d
041 ## - LANGUAGE CODE
Language code of text/sound track or separate title mar
100 ## - MAIN ENTRY--PERSONAL NAME
Personal name कुंभार राजेन्‍द्र
9 (RLIN) 38582
245 ## - TITLE STATEMENT
Title ग्रंथालयात काम्‍प्‍युटरचा वापर
260 ## - PUBLICATION, DISTRIBUTION, ETC. (IMPRINT)
Name of publisher, distributor, etc. Dastane
Date of publication, distribution, etc. 1995
300 ## - PHYSICAL DESCRIPTION
Extent 77
542 ## - INFORMATION RELATING TO COPYRIGHT STATUS
Copyright holder 13-02-1998
650 ## - SUBJECT ADDED ENTRY--TOPICAL TERM
Topical term or geographic name as entry element Library science
9 (RLIN) 38583
906 ## - LOCAL DATA ELEMENT F, LDF (RLIN)
d 1997-1998
f 5949
Holdings
Withdrawn status Lost status Source of classification or shelving scheme Damaged status Not for loan Home library Current library Date acquired Vendor Cost, normal purchase price Total Checkouts Total Holds Full call number Barcode Date last seen Bill Date Koha item type Original Barcode
    Dewey Decimal Classification     Shri Siddhivinayak Mahila Mahavidyalaya Shri Siddhivinayak Mahila Mahavidyalaya 13/02/1998 Diamond 50.00   1 /-/B/4335 SSMM-BK-4335 06/08/2022 06/08/2022 Books 010004335